[Event "13th American Continental"]
[Site "Montevideo URU"]
[Date "2018.06.02"]
[Round "2.24"]
[White "Rodriguez Vila, Andres"]
[Black "Teixeira, Ricardo da Silva"]
[Result "1-0"]
[WhiteTitle "GM"]
[BlackTitle "FM"]
[WhiteElo "2483"]
[BlackElo "2235"]
[WhiteFideId "3000010"]
[BlackFideId "2100126"]
[EventDate "2018.06.01"]

1. d4 e6 2. e4 d5 3. e5 c5 4. c3 Nc6 5. Nf3 Nge7 6. Bd3 cxd4 7. cxd4 Nf5 8. Bxf5
exf5 9. O-O Be6 10. Qb3 Qd7 11. Nc3 Be7 12. Ne2 O-O 13. Bg5 Rac8 14. Bxe7 Nxe7
15. Nf4 Rc4 16. Qe3 Rfc8 17. h4 h6 18. Rab1 Kh7 19. g3 Ng8 20. Kg2 g6 21. Rh1
Kg7 22. Nd3 Qe7 23. a3 b6 24. Ng1 Qd7 25. Ne2 Ne7 26. Rhd1 Qb5 27. Nc3 Qd7 28.
Rbc1 Nc6 29. Nf4 Ne7 30. Rc2 a6 31. Kh2 a5 32. Rcc1 Ng8 33. b3 R4c7 34. a4 Ne7
35. Nb5 Rxc1 36. Rxc1 Rxc1 37. Qxc1 Nc6 38. Nd3 Qb7 39. Kg2 Qd7 40. Kf3 Qb7 41.
Ke3 Qd7 42. Qa3 g5 43. hxg5 hxg5 44. f4 g4 45. Qd6 Qxd6 46. exd6 Nd8 47. b4 Nb7
48. bxa5 bxa5 49. Nc5 Nd8 50. Nc7 Kf8 51. Kd3 Kg8 52. Kd2 Kg7 53. Kd3 Kf8 54.
Kc3 Kg7 55. Nb3 Nb7 56. Nxe6+ fxe6 57. d7 Kf7 58. Nxa5 Nd8 59. Kb4 Ke7 60. Kc5
Kxd7 61. Kb6 Nf7 62. Nb7 e5 63. dxe5 Nxe5 64. a5 Nc6 65. a6 d4 66. Nc5+ Kd6 67.
Nd3 Kd5 68. Nb4+ Nxb4 69. a7 d3 70. a8=Q+ Kc4 71. Qc8+ Kb3 72. Qxf5 d2 73. Qb1+
Kc3 74. f5 Nd5+ 75. Kc5 Nf6 76. Kd6 Kd4 77. Ke6 Ne4 78. f6 Ke3 79. f7 1-0

[Event "13th American Continental"]
[Site "Montevideo URU"]
[Date "2018.06.03"]
[Round "4.39"]
[White "Saralegui, Mario"]
[Black "Larrea, Manuel"]
[Result "1/2-1/2"]
[BlackTitle "FM"]
[WhiteElo "2069"]
[BlackElo "2268"]
[WhiteFideId "3000419"]
[BlackFideId "3000508"]
[EventDate "2018.06.01"]

1. d4 Nf6 2. c4 g6 3. Nc3 Bg7 4. e4 d6 5. Be2 O-O 6. Bg5 Na6 7. f4 c6 8. Qd2 d5
9. cxd5 cxd5 10. Bxf6 exf6 11. Nxd5 f5 12. Bxa6 bxa6 13. Ne2 fxe4 14. Ne3 a5 15.
O-O Ba6 16. Rfd1 Rb8 17. Kh1 Qd6 18. b3 Bxe2 19. Qxe2 Qxf4 20. Nd5 Qd6 21. Qxe4
Rfe8 22. Qf3 Rb5 23. Ne3 Rh5 24. h3 Qe6 25. Nc4 Rd8 26. Ne5 Rd5 27. Rac1 Bxe5
28. dxe5 Rhxe5 29. Rxd5 Rxd5 30. Qc3 Qb6 31. Rf1 h5 32. Qc8+ Kg7 33. Qc3+ Kg8
34. Qc8+ Qd8 35. Qc4 Qd7 36. Qf4 Qe7 37. Qc4 Re5 38. Qc8+ Kg7 39. Qc3 Qc5 40.
Qb2 f6 41. Qd2 g5 42. Rc1 Qe7 43. Qd1 Kh6 44. Qf3 h4 45. Qa8 Re1+ 46. Rxe1 Qxe1+
47. Kh2 Qe5+ 48. Kg1 Qd4+ 49. Kh2 Kg6 50. Qe8+ Kf5 51. Qc8+ Ke4 52. Qc6+ Ke3 53.
Qc1+ Ke4 54. Qc6+ Kf5 55. Qc8+ Kf4 56. Qc1+ Qe3 57. Qc7+ Qe5 58. Qxa7 f5 59.
Qf2+ Ke4+ 60. Kh1 Qa1+ 61. Kh2 Qd1 62. Qb6 Qd5 63. Qf2 Qe5+ 64. Kh1 Kd3 65. a3
Kc3 66. b4 axb4 67. axb4 Kxb4 68. Qb6+ Kc4 69. Qc6+ Kd4 70. Qb6+ Ke4 71. Qb4+
Qd4 72. Qe7+ Kf4 73. Qc7+ Qe5 74. Qc1+ Qe3 75. Qc7+ Ke4 1/2-1/2

[Event "13th American Continental"]
[Site "Montevideo URU"]
[Date "2018.06.04"]
[Round "5.13"]
[White "Santarius, Erik"]
[Black "Mekhitarian, Krikor Sevag"]
[Result "1/2-1/2"]
[WhiteTitle "FM"]
[BlackTitle "GM"]
[WhiteElo "2387"]
[BlackElo "2546"]
[WhiteFideId "2025817"]
[BlackFideId "2107660"]
[EventDate "2018.06.01"]

1. d4 Nf6 2. c4 e6 3. Nf3 d5 4. g3 Bb4+ 5. Bd2 Be7 6. Bg2 O-O 7. O-O Nbd7 8. Qc2
Ne4 9. Bf4 c6 10. h4 f5 11. Nc3 Bf6 12. Rad1 h6 13. Ne5 g5 14. Nxd7 Bxd7 15.
hxg5 hxg5 16. Nxe4 gxf4 17. Nxf6+ Qxf6 18. gxf4 Kf7 19. Qb3 Rh8 20. Rd3 dxc4 21.
Qxc4 Rag8 22. Rfd1 Qh4 23. Rg3 Rxg3 24. fxg3 Qxg3 25. Qb3 Qh2+ 26. Kf2 Qxf4+ 27.
Qf3 Qxf3+ 28. Bxf3 Kf6 29. e3 Rh7 30. Rh1 Rxh1 31. Bxh1 e5 32. dxe5+ Kxe5 33.
Bf3 a5 34. a3 a4 35. Ke2 b6 36. Kd3 c5 37. Kc3 Bb5 38. Bd1 Bd7 39. Bf3 b5 40.
Bg2 Kf6 41. Bh3 Kg5 42. Kd2 Kh4 43. Bf1 Kg3 44. Bd3 Kf2 45. Bc2 b4 46. axb4 cxb4
47. Bd3 Be6 48. Bc2 Bd7 49. Bd3 Kf3 50. Bc2 Kg3 51. Bd3 Kh4 52. Bc2 Kg5 53. Bd3
Kf6 54. Kc1 Ke5 55. Kd2 Kd6 56. Kc1 Kd5 57. Kd2 Kc5 58. Kc2 Bc8 59. Kd2 Be6 60.
Kc2 Kb6 61. Kd2 Kc5 62. Kc2 Kd6 63. Kd2 Bd7 64. Bc2 Ke5 65. Bb1 Bb5 66. Bc2 Be8
67. Bd3 Bc6 68. Bf1 Bd7 69. Bd3 Be6 70. Bc2 Bb3 71. Bd3 Ba2 72. Bb5 Bb3 73. Bd3
Bd5 74. Bb5 a3 75. bxa3 bxa3 76. Kc3 a2 77. Kb2 Ke4 78. Bd7 Kxe3 79. Bxf5 a1=Q+
80. Kxa1 1/2-1/2

[Event "13th American Continental"]
[Site "Montevideo URU"]
[Date "2018.06.05"]
[Round "6.25"]
[White "Carbone, Diego"]
[Black "Fernandez Cardoso, Alexey"]
[Result "1/2-1/2"]
[WhiteTitle "CM"]
[BlackTitle "IM"]
[WhiteElo "2242"]
[BlackElo "2429"]
[WhiteFideId "3002179"]
[BlackFideId "3504379"]
[EventDate "2018.06.01"]

1. d4 g6 2. Nf3 Bg7 3. c4 d6 4. g3 Nd7 5. Bg2 e5 6. Nc3 Ne7 7. O-O O-O 8. e4
exd4 9. Nxd4 Nc6 10. Nde2 Re8 11. h3 a5 12. Be3 Nce5 13. b3 Nf6 14. Nd4 c6 15.
Qc2 Ned7 16. Rad1 Qc7 17. Rfe1 Bf8 18. f4 Nc5 19. Bf2 Bd7 20. Nf3 Rad8 21. Kh2
h5 22. Nh4 Bc8 23. Bxc5 dxc5 24. e5 Nh7 25. Nxg6 fxg6 26. Qxg6+ Qg7 27. Qxh5 Be7
28. Be4 Nf8 29. Bc2 Ne6 30. Bg6 Rxd1 31. Rxd1 Rd8 32. Rxd8+ Bxd8 33. Ne4 Nf8 34.
Be8 Be7 35. f5 Qxe5 36. Qf7+ Kh8 37. Qh5+ Kg8 38. Qf7+ Kh8 39. f6 Qb2+ 40. Kg1
Qd4+ 41. Kh2 Qb2+ 42. Kg1 Qb1+ 43. Kh2 Qxa2+ 44. Kg1 Qb1+ 45. Kh2 Qc2+ 46. Kg1
Qd1+ 47. Kg2 Qc2+ 1/2-1/2